01002cam a22002897a 45000010008000000030006000080050017000140070014000310070014000450080041000590100017001000200012001170250014001290400018001430430030001610820020001911000015002112450032002262500012002582600048002703000061003185000035003795040033004145200129004475330118005766500018006943821631GBCCL20241126110406.0heramb---bacaherbmb---baaa850906s1985 ii bb 000 0 eng  a 85910320  cRs80.00 aI E 50022 aDLCcDLCdDLC aa-ii---aa-bg---aa-br--- a954.004954bGOU1 aGougin, T.10aHistory of ZomicT. Gougin. a1st ed. aChurachandpur, Manipur :bT. Gougin,c1984. a245, [3] p., [18] p. of plates :bill., ports. ;c22 cm. aMaster microform held by: DLC. aBibliography: p. [247]-[248] aOn a Tibeto-Burman group of people comprising Lusheis, Kukis, and Chins tribes, chiefly from Mizoram, Bangladesh, and Burma. aMicrofiche.bWashington, D.C. :cLibrary of Congress Photoduplication Service,d1985.e3 microfiche ; 11 x 15 cm. aZomivHistory